000 02472cam a22003254a 4500
999 _c251
_d251
001 13258374
003 GZU
005 20200716091904.0
008 030701s2003 ii a b 001 0ceng
010 _a 2003013078
020 _a0761997687 (USHb)
020 _a0761997695 (USPb)
040 _aDLC
_cDLC
_dDLC
042 _apcc
050 0 0 _aBF713.5
_b.C76 2003
082 0 0 _a155
_222
245 0 0 _aCross-cultural perspectives in human development :
_btheory, research, and applications /
_cedited by T.S. Saraswathi.
260 _aNew Delhi ;
_aThousand Oaks :
_bSage Publications,
_cc2003.
300 _a401 p. :
_bill. ;
_c23 cm.
504 _aIncludes bibliographical references and indexes.
505 0 _aIntroduction / T.S. Saraswathi -- Ecocultural perspective on human psychological development / John W. Berry -- Wanted, a contextualized psychology : plea for a cultural psychology based on action theory / Lutz H. Eckensberger -- Ontogeny as the interface between biology and culture : evolutionary considerations / Heidi Keller -- Theoretical frameworks in cross-cultural developmental psychology : an attempt at integration / Pierre R. Dasen -- Human development across cultures : a contextual-functional analysis and implications for interventions / Cigdem Kagiteibasi -- Individualism in a collective culture : a case of coexistence of opposites -- Conceptualizing human development and education in sub-Saharan Africa at the interface of indigenous and exogenous influences / A. Bame Nsamenang -- Modernization and changes in adolescent social life / Alice Schlegel -- Adolescence without family disengagement : the daily family lives of Indian middle class teenagers / Reed Larson, Suman Verma, Jodi Dworkin -- From research project to nationwide program : the mother-child education program of Turkey / Sevda Bekman -- Counting on everyday mathematics / Anita Rampal -- Current issues and trends in early childhood education / Lilian G. Katz.
650 0 _aDevelopmental psychology.
650 0 _aEthnopsychology.
700 1 _aSaraswati, T. S.
856 4 1 _3Table of contents only
_uhttp://www.loc.gov/catdir/toc/ecip045/2003013078.html
856 4 2 _3Publisher description
_uhttp://www.loc.gov/catdir/enhancements/fy0657/2003013078-d.html
906 _a7
_bcbc
_corignew
_d1
_eecip
_f20
_gy-gencatlg
942 _2lcc
_cBK
_h713.5
_iCRO
_kBF
_m2003